Statistics for Countries Ending With E - One Minute Sprint

Click here to take the quiz!

General Stats

  • This quiz has been taken 90 times
  • The average score is 5 of 15

Answer Stats

Answer% Correct
Belize
63%
France
63%
Chile
51%
Greece
49%
Suriname
39%
Sierra Leone
31%
Zimbabwe
31%
Mozambique
27%
Cabo Verde
24%
São Tomé
and Príncipe
22%
Ukraine
22%
Côte d'Ivoire
18%
Singapore
18%
Niue
12%
Palestine
8%

Score Distribution

Percentile by Number Answered

Percent of People with Each Score

Your Score History

You have not taken this quiz